Gaming Quiz

Random Gaming or Clickable Quiz

Poker Hands: Best to Worst Quiz Stats

Quiz Updated Feb 2, 2016

Challenge
Share
Tweet
Embed
Score 0/9 Timer 01:00
0 Plays Today
% Correct
???
99.6%
???
77.4%
???
54.9%
???
41.9%
???
35.9%
???
34.1%
???
33.7%
???
33.3%
???
33.2%

You're not logged in!

Compare scores with friends on all Sporcle quizzes.
Sign Up with Email
OR
Log In

You Might Also Like...

Show Comments

Extras

Top Quizzes Today


Quiz Stats

Your Account Isn't Verified!

In order to create a playlist on Sporcle, you need to verify the email address you used during registration. Go to your Sporcle Settings to finish the process.